Circuits automobiles à l'aide d'un Onboard en SVG #1 - Statistiques

Statistiques générales
  • Ce quiz a été pris 448 fois
  • Le résultat moyen est 7 sur 10
Réponses sur la Carte
Les réponses sont colorées sur une échelle allant du rouge au vert en fonction du pourcentage des utilisateurs qui les ont devinées à leur premier essai. Vous pouvez retrouver ces pourcentages ci-dessous.
 
Statistiques - réponses
Circuit % Correct
Autodromo Nazionale Monza
92%
Circuit de Spa-Francorchamps
92%
Bahrain International Circuit
78%
Circuit de la Sarthe
75%
Imola Circuit
69%
Shanghai International Circuit
60%
Autódromo de Interlagos
56%
Nürburgring
52%
Daytona International Speedway
46%
Circuit Zandvoort
42%
Aucun quiz correspondant
Distribution des résultats
% des personnes avec chaque résultat
Percentile par nombre de réponses
Votre historique - résultats
Vous n’avez pas pris ce quiz